000 00531nam a2200193Ia 4500
005 20250923144904.0
008 008 250917s9999 xx 000 0 eng d
037 _aTextual
040 _aDSWL
_beng
_cDSWL
041 _aeng
_2eng
084 _aY72:1.2, N63
_qDSWL
245 0 _aTribal Souvenir
_cby Bharatiya Adimjati Sevak Sangh
260 _aJhandewalan
_bB.A,.S.S.Thappar Baba
300 _a195p.
365 _aINR
_b10.50
925 _g10.50
942 _cTEXL
_hY72:1.2, N63
999 _c1444603
_d1444603